[Event "Olympiad Women 2024"]
[Site "Budapest HUN"]
[Date "2024.09.11"]
[Round "1.10"]
[Board "1"]
[White "Marape, Naledi"]
[Black "Garcia Martin, Marta"]
[Result "0-1"]
[WhiteElo "1926"]
[BlackElo "2318"]
[PlyCount "46"]
[EventDate "2024.09.11"]
[WhiteTeam "Botswana"]
[BlackTeam "Spain"]
[WhiteTeamCountry "BOT"]
[BlackTeamCountry "ESP"]

1. e4 c5 2. Nf3 Nc6 3. d4 cxd4 4. Nxd4 Qb6 5. Nb3 e6 6. Be3 Qc7 7. Be2 Nf6 8. f3 d5 9. N1d2 ({RR} 9. Bd3 Bd6 10. g3 dxe4 11. fxe4 e5 12. Nc3 O-O 13. Nb5 Qe7 14. Nxd6 Qxd6 15. Bc5 Qe6 16. Bxf8 Kxf8 17. Qe2 Bd7 18. O-O-O Qe7 19. h3 a5 20. c3 Ne8 21. Qe3 Nc7 22. Nc5 Rb8 23. Bc4 Be8 {½-½ Abeln,D (1668)-Hertzer,L (1448) Wohlen op 3rd 2022 (3)}) 9... Bd6 10. g3 h5 $146 ({RR} 10... O-O 11. O-O dxe4 12. Bc5 exf3 13. Nxf3 Bxc5+ {0-1 Birmelin,J-Nadj,C Neckar op-B 3rd 1999 (2)}) 11. f4 e5 12. exd5 exf4 13. Bxf4 Bxf4 14. gxf4 Nxd5 15. Nc4 Nxf4 16. Qd6 Qxd6 17. Nxd6+ Ke7 18. Nxc8+ Raxc8 19. c3 Rh6 20. Kf2 Rf6 21. Ke3 Ng2+ 22. Kd3 Rd8+ 23. Ke4 Rf4# 0-1

[Event "Olympiad Women 2024"]
[Site "Budapest HUN"]
[Date "2024.09.11"]
[Round "1.10"]
[Board "2"]
[White "Vega Gutierrez, Sabrina"]
[Black "Gabatshwarwe Refilwe"]
[Result "1-0"]
[WhiteElo "2374"]
[BlackElo "1787"]
[PlyCount "75"]
[EventDate "2024.09.11"]
[WhiteTeam "Spain"]
[BlackTeam "Botswana"]
[WhiteTeamCountry "ESP"]
[BlackTeamCountry "BOT"]

1. e4 e5 2. Nf3 Nc6 3. Nc3 Nf6 4. g3 Bc5 5. Bg2 d6 6. d3 h6 7. O-O Be6 8. h3 Qd7 9. Kh2 g5 10. Nd2 $146 ({RR} 10. Na4 Bb6 11. Nxb6 axb6 12. d4 g4 13. d5 gxf3 14. Qxf3 Nxd5 15. exd5 Nd4 16. Qf6 Rg8 17. dxe6 Qxe6 18. Qxe6+ fxe6 19. Bxh6 c6 20. c3 Nf5 21. Be3 Kd7 22. g4 Ne7 23. Bxb6 c5 24. a4 Ng6 {1-0 Kopylov,D (1901)-Kittelberger,M (1373) GER-chT U12 Verden 2014 (1.1)}) ({RR} 10. Ng1 Nd4 11. Be3 O-O-O 12. Rb1 Bb6 13. b4 d5 14. exd5 Nxd5 15. Nxd5 Bxd5 16. Bxd5 Qxd5 17. c4 Qd7 18. c5 Nb5 19. cxb6 axb6 20. Qc1 Kb8 21. a4 Nd6 22. a5 Qb5 23. axb6 cxb6 24. Qa3 Nc8 {1-0 Arjona Martinez,S (1985)-Lakunza Oyarbide,J (2175) Pamplona op 16th 2006 (7)}) 10... O-O-O 11. Nd5 Bxd5 12. exd5 Ne7 13. c4 Rdg8 14. Rb1 h5 15. b4 Bd4 16. Ne4 Nxe4 17. dxe4 f5 18. exf5 Nxf5 19. Be4 Ne7 20. Be3 Bxe3 21. fxe3 Rf8 22. Rb2 Rxf1 23. Qxf1 Kb8 24. c5 c6 25. dxc6 Nxc6 26. b5 Na5 27. Qd3 Rd8 28. c6 Qc7 29. Bd5 b6 30. Rf2 Rc8 31. Rf7 Qd8 32. Qf5 a6 33. Be6 Nxc6 34. bxc6 h4 35. Bxc8 hxg3+ 36. Kxg3 Qh8 37. Qd7 Qh4+ 38. Kh2 1-0

[Event "Olympiad Women 2024"]
[Site "Budapest HUN"]
[Date "2024.09.11"]
[Round "1.10"]
[Board "3"]
[White "Banda Natalie Katlo"]
[Black "Matnadze Bujiashvili, Ann"]
[Result "0-1"]
[WhiteElo "1893"]
[BlackElo "2338"]
[PlyCount "188"]
[EventDate "2024.09.11"]
[WhiteTeam "Botswana"]
[BlackTeam "Spain"]
[WhiteTeamCountry "BOT"]
[BlackTeamCountry "ESP"]

1. d4 Nf6 2. Nf3 c6 3. c4 g6 4. Nc3 d5 5. e3 Bg7 6. Bd3 O-O 7. b3 c5 8. Bb2 cxd4 9. exd4 Nc6 10. h3 dxc4 11. Bxc4 Nb4 $146 ({RR} 11... a6 12. O-O b5 13. Be2 Qb6 14. Qc1 Bb7 15. Rd1 Rfd8 16. Bf1 Nb4 17. a3 Bxf3 18. gxf3 Nbd5 19. Nxd5 Nxd5 20. Qd2 Qf6 21. Bg2 Nf4 22. Kh2 e5 23. Rg1 exd4 24. Rae1 Re8 25. Re4 Rxe4 26. fxe4 {0-1 Ali,A-Koster,J (1879) Olympiad-42 Baku 2016 (9.3)}) 12. O-O a6 13. Qd2 b5 14. Be2 Nbd5 15. Nxd5 Nxd5 16. Rac1 Bb7 17. Ne5 Qd6 18. Bf3 Rfd8 19. Rfd1 a5 20. Bc3 f6 21. Nd3 Nxc3 22. Bxb7 Nxd1 23. Bxa8 Rxa8 24. Rxd1 Qxd4 25. Qe2 Kf7 26. Nb2 Qe5 27. Qxe5 fxe5 28. Rd5 e4 29. Nd1 Rb8 30. Ne3 Ke6 31. Kf1 a4 32. Ke2 Bc3 33. Rc5 Bd4 34. Rc6+ Kd7 35. Ra6 axb3 36. axb3 Rc8 37. Ra5 Bxe3 38. Kxe3 Rc3+ 39. Kxe4 Rxb3 40. Ra7+ Ke6 41. Ra6+ Kf7 42. Rb6 Rb2 43. Ke3 b4 44. g3 Ke8 45. Kf3 Kd7 46. Ke3 Rb1 47. Kd2 Rb2+ 48. Kc1 Rxf2 49. Rxb4 Ke6 50. Re4+ Kd6 51. Rh4 h5 52. Rd4+ Ke5 53. Rd3 Ke4 54. Rd7 e5 55. Rd6 Kf5 56. g4+ hxg4 57. hxg4+ Kg5 58. Re6 Rf6 59. Rxe5+ Kxg4 60. Kd2 g5 61. Ke3 Kh4 62. Re8 g4 63. Rh8+ Kg3 64. Rg8 Re6+ 65. Kd3 Kf3 66. Rf8+ Kg2 67. Rg8 g3 68. Rg7 Kf2 69. Rf7+ Kg1 70. Rg7 g2 71. Kd2 Re5 72. Rg8 Kf2 73. Rf8+ Kg3 74. Ra8 g1=Q 75. Rg8+ Kf2 76. Rf8+ Kg2 77. Rg8+ Kf1 78. Rxg1+ Kxg1 79. Kd3 Kf2 80. Kd4 Re3 81. Kd5 Kf3 82. Kd4 Kf4 83. Kd5 Rd3+ 84. Kc4 Ke4 85. Kc5 Rc3+ 86. Kb4 Kd4 87. Kb5 Rb3+ 88. Kc6 Rb4 89. Kd6 Rb6+ 90. Kd7 Kd5 91. Kc7 Rb5 92. Kd7 Rb7+ 93. Kc8 Rh7 94. Kd8 Ke6 0-1

[Event "Olympiad Women 2024"]
[Site "Budapest HUN"]
[Date "2024.09.11"]
[Round "1.10"]
[Board "4"]
[White "Calzetta Ruiz, Monica"]
[Black "Mosweu, Atlang Amolemo"]
[Result "1-0"]
[WhiteElo "2199"]
[BlackElo "1797"]
[PlyCount "69"]
[EventDate "2024.09.11"]
[WhiteTeam "Spain"]
[BlackTeam "Botswana"]
[WhiteTeamCountry "ESP"]
[BlackTeamCountry "BOT"]

1. e4 c6 2. d4 d5 3. exd5 cxd5 4. Bd3 Nf6 5. c3 Nc6 6. Bf4 e6 7. Nf3 Bd6 8. Bxd6 Qxd6 9. O-O O-O 10. Re1 b6 11. Nbd2 Bb7 12. Ne5 a5 ({RR} 12... Nd7 13. f4 g6 14. Re3 f6 15. Nxd7 Qxd7 16. Qg4 Rae8 17. Rae1 Bc8 18. Qh4 Ne7 19. Nf3 Nf5 20. Bxf5 exf5 21. Qf2 Re4 22. Nd2 Ba6 23. Nxe4 fxe4 24. f5 Qxf5 25. Qxf5 gxf5 26. Rh3 Kg7 27. Kf2 {1-0 Sirosh,I (2402)-Garcia Cuenca,V (2369) Titled Tuesday intern op 28th Jun Early blitz 2022 (6)}) ({RR} 12... Rac8 13. Re3 Ne7 14. g4 Ng6 15. g5 Nd7 16. Qh5 Rfe8 17. Nxd7 Qxd7 18. Rh3 Nf8 19. Bxh7+ Nxh7 20. Qxh7+ Kf8 21. Nf3 Ke7 22. Ne5 Qd6 23. Qxg7 Rf8 24. Rf3 Ke8 25. Rxf7 Rxf7 26. Qxf7+ Kd8 27. Qxb7 {1-0 Wong,A (1586)-Nisban,C (1131) Hong Kong Open 2023 (6.42)}) 13. Rc1 $146 ({RR} 13. Qe2 Nb8 14. Ng4 Nbd7 15. Nxf6+ Nxf6 16. Nf3 Rfb8 17. Ne5 Qc7 18. Rac1 Qe7 19. Qf3 a4 20. Re3 Ne4 21. Qe2 Qe8 22. Bb5 Qd8 23. Nc6 Bxc6 24. Bxc6 Ra7 25. Bb5 Qg5 26. Bd3 Nd6 27. Re1 b5 {½-½ Kazi Zarin,T (1899)-Omnia Binta Yusuf,L (1652) Dhaka Laila Alam Cup (Women) 12th 2022 (5)}) 13... Ne7 14. Qf3 Ba6 15. Bb1 Rfc8 16. g4 Rf8 17. g5 Nd7 18. Qh3 g6 19. Re3 Nf5 20. Bxf5 exf5 21. Qh6 Rfe8 22. Nxd7 Qxd7 23. Rh3 f6 24. gxf6 Re6 25. Nf3 Rxf6 26. Re1 Rf7 27. Ne5 Qe7 28. Ree3 Rg7 29. Kh1 Qf6 30. Nf3 Bc8 31. Re8+ Kf7 32. Rh8 Bb7 33. Ne5+ Ke6 34. Rxh7 Rag8 35. Re3 1-0

[Event "Olympiad Women 2024"]
[Site "Budapest HUN"]
[Date "2024.09.11"]
[Round "1.11"]
[Board "1"]
[White "Kamalidenova, Meruert"]
[Black "Quevedo, Andreina"]
[Result "1-0"]
[WhiteElo "2352"]
[BlackElo "1851"]
[PlyCount "47"]
[EventDate "2024.09.11"]
[WhiteTeam "Kazakhstan"]
[BlackTeam "Uruguay"]
[WhiteTeamCountry "KAZ"]
[BlackTeamCountry "URU"]

1. e4 d6 2. d4 Nf6 3. Nc3 e5 4. Nf3 Nbd7 5. Bc4 Be7 6. O-O O-O 7. a4 c6 8. Re1 h6 9. h3 Re8 10. Ba2 exd4 ({RR} 10... Qc7 11. Nh4 exd4 12. Qxd4 Nf8 13. Qd3 Be6 14. Bxe6 Nxe6 15. Nf5 Bf8 16. Qf3 Nd7 17. Be3 Ne5 18. Qg3 Kh7 19. Rad1 g6 20. Nh4 Bg7 21. Bc1 Qe7 22. f4 Bf6 23. Nf3 Nxf3+ 24. Qxf3 Nc5 25. e5 {1-0 Grischuk,A (2764)-Jobava,B (2711) Beijing Sportaccord blindfold rapid 2012 (6)}) 11. Nxd4 Bf8 12. Bf4 Qc7 $146 ({RR} 12... Nc5 13. f3 Ne6 14. Be3 d5 15. exd5 cxd5 16. Bf2 a6 17. Qd2 Bb4 18. Rad1 Ba5 19. Nb3 Bc7 20. Nxd5 Nxd5 21. Qxd5 Qf6 22. Nd4 Rd8 23. Qf5 Qe7 24. Qe4 Qd6 25. g3 Ng5 26. Qh4 Nxh3+ 27. Kg2 {1-0 Caspi,I (2489)-Sanal,V (2581) Titled Tuesday intern op 4th Aug 10am blitz 2020 (5)}) ({RR} 12... Nc5 13. Qf3 Be6 14. Nxe6 Nxe6 15. Rad1 Nxf4 16. Qxf4 Qa5 17. Bb3 Qb4 18. Qf3 Re5 19. Re3 Rae8 20. Rde1 Be7 21. Rd1 Bd8 22. Red3 Bc7 23. g3 Qc5 24. Kg2 Rd8 25. Rd4 Re7 26. Qf4 Rde8 27. Qf3 {0-1 Draganic,V (2323)-Tomic,A (2398) 76th ch-MNE 2024 (9.9)}) ({RR} 12... Ne5 13. Bg3 a5 14. f4 Ng6 15. Kh1 Ne7 16. e5 dxe5 17. fxe5 Nfd5 18. Qf3 Be6 19. Rf1 Qd7 20. Rad1 Rad8 21. Ne4 Ng6 22. Rd2 Qc7 23. Qh5 Bb4 24. c3 Bf8 25. Rdf2 Rd7 26. Nd6 Bxd6 27. exd6 {1-0 Redondo Benavente,A (2176)-Brunet Gil,P (2035) ESP-ch U18 Salobrena 2019 (4)}) 13. Qf3 Ne5 14. Qe2 Rb8 15. Qd2 Kh7 16. Bh2 a6 17. f4 Ng6 18. Kh1 b5 19. e5 dxe5 20. fxe5 Nd5 21. Bxd5 cxd5 22. e6 Bd6 23. Nxd5 Qc5 24. Nb3 1-0

[Event "Olympiad Women 2024"]
[Site "Budapest HUN"]
[Date "2024.09.11"]
[Round "1.11"]
[Board "2"]
[White "Fabra, Nahiara"]
[Black "Balabayeva, Xeniya"]
[Result "0-1"]
[WhiteElo "1932"]
[BlackElo "2335"]
[PlyCount "78"]
[EventDate "2024.09.11"]
[WhiteTeam "Uruguay"]
[BlackTeam "Kazakhstan"]
[WhiteTeamCountry "URU"]
[BlackTeamCountry "KAZ"]

1. e4 c6 2. d4 d5 3. Nc3 dxe4 4. Nxe4 Nf6 5. Nxf6+ exf6 6. c3 Bd6 7. Bd3 O-O 8. Ne2 Re8 9. Qc2 h5 10. Be3 Nd7 11. O-O h4 12. h3 Nf8 13. Rad1 Bd7 14. c4 Rc8 15. Rfe1 ({RR} 15. Nc3 Bb8 16. Ne4 Qc7 17. Rfe1 Qh2+ 18. Kf1 f5 19. Nc5 f4 20. Nxd7 Nxd7 21. Bf5 Rcd8 22. d5 Qh1+ 23. Ke2 Qxg2 24. Kd3 fxe3 25. Rg1 Nc5+ 26. Kc3 Qxf2 27. Bh7+ Kf8 28. Qf5 Ne4+ 29. Kb3 Qxf5 {0-1 Anupam,M (1943)-Balabayeva,X (2335) WSCC Speed Play-In 4 2024 (9)}) 15... Bb8 16. Qb3 $146 ({RR} 16. Qc1 g6 17. Bf4 Bxf4 18. Qxf4 g5 19. Qf3 Ng6 20. Bxg6 fxg6 21. d5 c5 22. Nc3 Kg7 23. d6 Bc6 24. Rxe8 Qxe8 25. d7 Bxd7 26. Qxb7 Rd8 27. Ne4 Kh6 28. Nxf6 Qe2 29. Qd5 Ba4 30. Qxd8 Qxd1+ {1-0 Maltsevskaya,A (2393)-Sai Agni Jeevitesh,J (2274) Titled Tue 16th Apr Early 2024 (8)}) ({RR} 16. Qd2 Qc7 17. f4 f5 18. d5 cxd5 19. cxd5 Qd6 20. Nc3 a6 21. Qf2 Ng6 22. Rf1 Rxe3 23. Qxe3 Nxf4 24. Rf3 Nxd3 25. Rxd3 Re8 26. Qd4 Bc7 27. Kf1 Bb6 28. Qf4 Qc5 29. Rf2 Bb5 30. Nxb5 Qxb5 {0-1 Shkuratov,V (2158)-Rozum,I (2511) 19th Moscow Open A 2023 (4.10)}) 16... b6 17. c5 Be6 18. Qc2 b5 19. Bf4 Qa5 20. Bxb8 Rxb8 21. Be4 Rbc8 22. a3 g6 23. Nf4 f5 24. Bxc6 Bb3 25. Qc1 Rxe1+ 26. Rxe1 Rxc6 27. Re8 Qc7 28. Qe3 Qd7 29. Re7 Re6 30. Nxe6 Qxe7 31. Qxb3 Nxe6 32. Qe3 Qd7 33. b4 Qxd4 34. Qe2 a6 35. Qf3 Qa1+ 36. Kh2 Qe5+ 37. Kg1 Nd4 38. Qa8+ Kg7 39. Qxa6 Qe1+ 0-1

[Event "Olympiad Women 2024"]
[Site "Budapest HUN"]
[Date "2024.09.11"]
[Round "1.11"]
[Board "3"]
[White "Nurman, Alua"]
[Black "Silva Rosas, Natalia"]
[Result "1-0"]
[WhiteElo "2324"]
[BlackElo "1868"]
[PlyCount "85"]
[EventDate "2024.09.11"]
[WhiteTeam "Kazakhstan"]
[BlackTeam "Uruguay"]
[WhiteTeamCountry "KAZ"]
[BlackTeamCountry "URU"]

1. e4 d5 2. exd5 Qd7 3. d6 Qxd6 4. Nc3 c6 ({RR} 4... Qd5 5. Rb1 Qa5 6. b4 c6 7. Nf3 Qc7 8. Bc4 Nf6 9. O-O Bf5 10. b5 e6 11. bxc6 Be7 12. Bb5 Nxc6 13. Bxc6+ Qxc6 {0-1 Pereira,S (2017)-Bomo,K (2231) 13th African Mixed Rapid 2024 (1.7)}) 5. d4 Bg4 6. Nf3 Nf6 7. Be2 $146 ({RR} 7. Bc4 e6 8. O-O Nbd7 9. Bg5 Bxf3 10. h3 Qxd4 11. Qxf3 Be7 12. Bb3 Qc5 13. Rad1 Qa5 14. Be3 O-O 15. Ne2 Nd5 16. Nf4 Qc7 17. Bd2 Bd6 18. Rfe1 Ne5 19. Nh5 Ng6 20. Qe4 Rad8 21. Bc1 Be5 {1-0 Demski,M (1737)-Heinzel,O (2306) Wroclaw Anderssen Memorial rapid 2022 (9)}) 7... Bh5 8. h3 e6 9. O-O Nbd7 10. Bg5 Qc7 11. Bh4 Bd6 12. Bg3 Bg6 13. Ne5 Rd8 14. Re1 Bf5 15. Bd3 Bxd3 16. Qxd3 O-O 17. Rad1 Nb6 18. Qf3 Nbd5 19. Na4 Ne7 20. Bh4 Nd7 21. Nc3 Nxe5 22. dxe5 Bb4 23. Rxd8 Rxd8 24. Qg4 Bxc3 25. Bf6 g6 26. bxc3 Rd7 27. Qg5 Qd8 28. c4 Qf8 29. g4 h6 30. Qe3 b5 31. Qc5 Qe8 32. Rb1 Kh7 33. cxb5 cxb5 34. Qxb5 Ng8 35. g5 Nxf6 36. gxf6 Qd8 37. c4 g5 38. c5 Rd5 39. Qc4 Rxe5 40. c6 Kg6 41. c7 Qc8 42. Qd3+ Kh5 43. Qd8 1-0

[Event "Olympiad Women 2024"]
[Site "Budapest HUN"]
[Date "2024.09.11"]
[Round "1.11"]
[Board "4"]
[White "Cardozo, Camila"]
[Black "Kairbekova, Amina"]
[Result "0-1"]
[WhiteElo "1673"]
[BlackElo "2243"]
[PlyCount "74"]
[EventDate "2024.09.11"]
[WhiteTeam "Uruguay"]
[BlackTeam "Kazakhstan"]
[WhiteTeamCountry "URU"]
[BlackTeamCountry "KAZ"]

1. d4 {Tsesarsky,Ilya} Nf6 2. Nf3 g6 3. c4 Bg7 4. Nc3 d6 5. e4 O-O 6. Be2 e5 7. d5 a5 8. Bg5 h6 9. Bh4 Na6 10. O-O Nc5 11. Nd2 Bd7 12. Qc2 ({RR} 12. Nb3) ({RR} 12. Rb1) ({RR} 12. Rc1) ({RR} 12. f3) ({RR} 12. Kh1) ({RR} 12. b3) 12... Qe8 ({RR} 12... g5 13. Bg3 h5 ({RR} 13... Nfxe4 14. Ndxe4 Nxe4 15. Nxe4 f5 16. f3 fxe4 17. fxe4) 14. h4 ({RR} 14. f3 h4 15. Bf2 Nh5 16. g3 f5 17. exf5 ({RR} 17. f4 g4 ({RR} 17... gxf4 18. Bxh5 Qg5 19. Bf3) 18. fxe5 ({RR} 18. exf5 hxg3 19. hxg3 exf4 20. Bxg4 fxg3 21. Bxc5 Qh4) 18... hxg3 19. hxg3 Bxe5) 17... Bxf5 18. Nde4) 14... Ng4 15. hxg5 ({RR} 15. Nf3 f5 16. exf5 ({RR} 16. Nxg5 f4 17. Bh2 Bf6 18. Bxf4 ({RR} 18. Nh3 Bxh4) 18... exf4 19. e5 Bxg5 20. Qg6+ Kh8 21. Qxh5+ Kg7 22. e6 ({RR} 22. Bxg4 Rh8 23. Qxg5+ Qxg5 24. hxg5 Bxg4) 22... Ne5 23. Qxg5+ Qxg5 24. hxg5 Be8) 16... Bxf5 17. Qd2 gxh4 18. Bxh4 Bf6 19. g3 e4 20. Bxf6 Qxf6 21. Nh4 Ne5 22. Nxf5 Qxf5) 15... Qxg5 16. Nf3 Qh6 17. Nh4 Bf6 18. Nf5 ({RR} 18. Bxg4 hxg4 19. Nf5 Bxf5 20. exf5 Kg7) 18... Bxf5 19. exf5 h4 ({RR} 19... Qg5 20. Nb5 Rac8 21. f4) 20. Bxg4 hxg3 21. fxg3 e4 22. Bh3 ({RR} 22. Nxe4 Nxe4 ({RR} 22... Bd4+ 23. Nf2 Rfe8 24. Bf3 Qg7 25. g4 Bxb2 26. Rae1 Bd4 27. g3 Bxf2+ 28. Kxf2 Qd4+ 29. Kg2 Nd3 30. Re2) ({RR} 22... Qe3+ 23. Nf2 Qxg3 24. Bf3 Kh7 25. Rfe1 Rg8 26. Kf1) 23. Qxe4 Rae8 24. Qd3 Re3 25. Qd2 Bg5 26. Qf2 Re5 27. Rae1 Be3 28. Rxe3 Rxe3) 22... Rfe8 ({RR} 22... Qe3+ 23. Kh2 Be5 24. Qf2 Qg5 25. Rae1 Nd3 26. Qe3 Qxe3 27. Rxe3 Nxb2) 23. Rae1 e3 ({RR} 23... Bxc3 24. Qxc3 Nd3 25. Re2 Qg5 26. Qd4 Qxg3 27. Rxe4 Rxe4 28. Qxe4) 24. Re2 ({RR} 24. Nd1 Re7 25. Qe2 Rae8 26. Kh2 Ne4 27. Rf3 Bg5 ({RR} 27... Qg5)) 24... Re7 25. Rf3 Rae8 26. Kh2 ({RR} 26. a3) 26... Bg5 27. Kg1 {0-1 Shulman,Y (2551)-Fedorov,A (2590) EU-ch 2nd Ohrid 2001 (13)}) ({RR} 12... Qe7 13. Nb3 b6 14. Nxc5 bxc5 15. b3 Nh7 16. f3 f5 17. exf5 gxf5 18. Rab1 Bf6 19. Bf2 Qf7) 13. b3 ({RR} 13. Nb5 Rc8 14. Rae1 Nh7 15. Nb3 b6 16. Nxc5 dxc5 17. Qd1 Bxb5 18. cxb5 Qd7 19. Kh1 Qd6 20. Qd2 Nf6 21. Qe3 Ne8 22. b3 Qd7 23. Bg3 Nd6) 13... Nh7 14. f3 ({RR} 14. a3 f5 15. f3 Bf6 16. Bf2 Bg5 17. b4 axb4 18. axb4 Na6 19. Rab1 b6 20. Nb5 Nf6 21. h4 Bxd2 22. Qxd2 f4 23. Ra1) ({RR} 14. a3 f5 15. f3 Bf6 16. Bf2 Qe7 17. b4 axb4 18. axb4 Na6 19. c5 Nxb4 20. Qb3 dxc5 21. d6+ Qf7 22. Bc4 {1-0 Barria Zuniga,D (2341)-Janaszak,D (2308) Titled Tue 5th Mar Early 2024 (11)}) 14... Bf6 $146 ({RR} 14... f5 15. a3 f4 16. b4 Na6 17. Rab1 h5 18. Bf2 g5 19. c5 g4 20. c6 bxc6 21. dxc6 Be6 22. Bc4 Bxc4 23. Nxc4 axb4 24. axb4 gxf3 25. gxf3 Ng5 26. Qe2 Ne6 27. Nd5 Rf7 28. Kh1 Nd4 29. Bxd4 {1-0 Ollier,P (2359)-Daulyte Cornette,D (2447) Rochefort op-A16th 2017 (9)}) ({RR} 14... f5 15. a3 Rf7 16. b4 Na4 17. Nxa4 Bxa4 18. Qc3 Bd7 19. bxa5 c5 20. dxc6 Bxc6 21. Rfd1 Ng5 22. Bxg5 hxg5 23. c5 Rd7 24. Nc4 dxc5 25. Rxd7 Qxd7 26. Nb6 Qe8 27. Nxa8 Qxa8 28. Qxc5 fxe4 29. fxe4 {1-0 Moore,H (2200)-Murphy,K (1775) Richmond Keres Memorial 40th 2015 (1.10)}) 15. Bf2 b6 16. a3 Bg5 17. Rfb1 a4 18. Bxc5 axb3 19. Qxb3 Bxd2 20. Bf2 Bxc3 21. Qxc3 f5 22. exf5 gxf5 23. Bd1 Nf6 24. Bc2 Rf7 25. Qd2 Rg7 26. a4 Qg6 27. Be3 Qh5 28. Bxh6 Rg6 29. Be3 Kf7 30. Bf2 Rag8 31. Bg3 Rh6 32. Kf1 f4 33. Bf2 Qxh2 34. Bg1 Qh1 35. Be4 Rh2 36. Rb2 Rhxg2 37. Qxg2 Bh3 0-1

[Event "Olympiad Women 2024"]
[Site "Budapest HUN"]
[Date "2024.09.11"]
[Round "1.12"]
[Board "1"]
[White "Johnson, Gabriella"]
[Black "Mkrtchian, Lilit"]
[Result "0-1"]
[WhiteElo "1896"]
[BlackElo "2366"]
[PlyCount "66"]
[EventDate "2024.09.11"]
[WhiteTeam "Trinidad & Tobago"]
[BlackTeam "Armenia"]
[BlackTeamCountry "ARM"]

1. e4 c6 2. d4 d5 3. exd5 cxd5 4. Bd3 Nc6 5. c3 e6 6. Bf4 Bd6 7. Bxd6 Qxd6 8. Nf3 Nge7 9. O-O O-O 10. Re1 Bd7 11. Nbd2 f6 12. c4 g5 $146 ({RR} 12... Be8 13. cxd5 exd5 14. Nb3 Bh5 15. Re3 b6 16. Qd2 Bg6 {½-½ Birkisson,B (2142)-Song,J (2348) Reykjavik Open 2023 (7.34)}) ({RR} 12... Nb4 13. Bf1 a5 14. a3 Nbc6 15. Nb3 dxc4 16. Bxc4 b6 17. Nbd2 Nxd4 18. Nxd4 Qxd4 19. Bxe6+ Bxe6 20. Rxe6 Nf5 21. Nf3 Qxb2 22. Rb1 Qxa3 23. Qd5 Qc5 24. Qa2 Kh8 25. Rexb6 Nd6 26. Qe6 Rfd8 27. h4 {0-1 Mede,I (2141)-Medvegy,Z (2508) TCh-HUN 2023-24 (9.7)}) 13. c5 Qc7 14. h3 Kh8 15. a3 a5 16. Nf1 Rg8 17. g3 e5 18. dxe5 fxe5 19. Bb5 e4 20. Nd4 Bxh3 21. Ne3 Qe5 22. Bxc6 Nxc6 23. Qh5 Nxd4 24. Qxh3 Nf3+ 25. Kg2 Nxe1+ 26. Rxe1 Raf8 27. Rh1 Rg7 28. Rb1 d4 29. Ng4 Qxc5 30. b4 Qc2 31. Rf1 e3 32. Qh6 e2 33. Re1 Qe4+ 0-1

[Event "Olympiad Women 2024"]
[Site "Budapest HUN"]
[Date "2024.09.11"]
[Round "1.12"]
[Board "2"]
[White "Mkrtchyan, Mariam"]
[Black "Hermoso Rodriguez, Ysvett"]
[Result "1-0"]
[WhiteElo "2328"]
[BlackElo "1943"]
[PlyCount "143"]
[EventDate "2024.09.11"]
[WhiteTeam "Armenia"]
[BlackTeam "Trinidad & Tobago"]
[WhiteTeamCountry "ARM"]

1. d4 d5 2. Nf3 Nf6 3. c4 c6 4. Qc2 e6 5. g3 Be7 6. Bg2 O-O 7. O-O dxc4 8. Qxc4 b5 9. Qd3 Bb7 ({RR} 9... Nbd7 10. Bg5 Bb7 11. Nbd2 Qb6 12. a4 a6 13. e4 c5 14. axb5 axb5 15. d5 c4 16. Qe2 Rxa1 17. Rxa1 Bc5 18. dxe6 fxe6 19. Bh3 h5 20. Bxf6 Nxf6 21. Rf1 Ng4 22. Bxg4 hxg4 23. Ng5 Bb4 24. h4 {½-½ Nepomniachtchi,I (2793)-Erigaisi,A (2722) World Rapid 2022 (12.8)}) 10. Ne5 ({RR} 10. a4 a6 11. Nfd2 Nbd7 12. Nc3 Qb6 13. Nb3 Rfd8 14. Be3 c5 15. axb5 Bxg2 16. Kxg2 Ne5 17. dxe5 Rxd3 18. exf6 Rxc3 19. fxe7 Rxb3 20. Rxa6 Qb7+ 21. Kg1 Re8 22. Bxc5 Rxb5 {0-1 Chekletsov,I (2338)-Ruperez Benito,A (2333) Titled Tue 21st May Late 2024 (8)}) 10... Qb6 11. Nc3 Rd8 $146 ({RR} 11... Na6 12. Qf3 Nb4 13. Be3 Rab8 14. a3 Nc2 15. Rac1 Nxe3 16. Qxe3 c5 17. dxc5 Bxc5 18. Qg5 Bxg2 19. Kxg2 Qb7+ 20. Kg1 Be7 21. Qe3 Rfc8 22. Rfd1 a5 23. Nd3 h6 24. Qe5 Nd7 25. Qh5 Nf6 26. Qe5 {½-½ Pantzar,M (2423)-Vestby Ellingsen,M (2345) Nordic-ch U20 Gp-A 2021 (5)}) 12. Be3 Nbd7 13. Nxd7 Rxd7 14. Rac1 Rc8 15. Rfd1 a6 16. Ne4 Rcd8 17. Qc2 Nd5 18. Bd2 h6 19. e3 f5 20. Nc5 Bxc5 21. dxc5 Qc7 22. e4 Nf6 23. exf5 exf5 24. Bf4 Rxd1+ 25. Rxd1 Rxd1+ 26. Qxd1 Qd7 27. Qxd7 Nxd7 28. Bh3 Nxc5 29. Bxf5 Kf7 30. Be5 g6 31. Bc2 Bc8 32. Bd4 Nb7 33. Be4 Bd7 34. h4 Nd6 35. Bg2 a5 36. b3 Nb7 37. Kf1 Ke6 38. Ke2 Kd6 39. Ke3 Bf5 40. Bg7 h5 41. a3 Nd8 42. Bf3 Bc2 43. Bf8+ Kd7 44. b4 a4 45. Kd2 Bf5 46. Bc5 Ne6 47. Be3 Kd6 48. Kc3 Bb1 49. Ba7 Bf5 50. Bb8+ Kd7 51. Be2 Be4 52. Be5 Bf5 53. f3 Bb1 54. g4 hxg4 55. fxg4 Ke8 56. Bf3 Kd7 57. Be2 Be4 58. Kd2 Nf8 59. Ke3 Bb1 60. h5 gxh5 61. gxh5 Ke6 62. Bg7 Nh7 63. Kd4 Ba2 64. Kc5 Bd5 65. h6 Kf7 66. Bxb5 Ng5 67. Bxc6 Bb3 68. b5 Ne6+ 69. Kd6 Nd8 70. b6 Bd1 71. Bd5+ Kg6 72. Ke7 1-0

[Event "Olympiad Women 2024"]
[Site "Budapest HUN"]
[Date "2024.09.11"]
[Round "1.12"]
[Board "3"]
[White "La Fleur, Zara"]
[Black "Sargsyan, Anna M."]
[Result "0-1"]
[WhiteElo "1773"]
[BlackElo "2364"]
[PlyCount "76"]
[EventDate "2024.09.11"]
[WhiteTeam "Trinidad & Tobago"]
[BlackTeam "Armenia"]
[BlackTeamCountry "ARM"]

1. e4 c6 2. d4 d5 3. exd5 cxd5 4. Bd3 Nc6 5. c3 Nf6 6. Bf4 g6 7. Nf3 Bg7 8. O-O O-O 9. Nbd2 Bf5 10. Qc2 Bxd3 11. Qxd3 Rc8 12. Rfe1 ({RR} 12. h3 Nd7 13. Nb3 e5 14. dxe5 Ndxe5 15. Nxe5 Nxe5 16. Qg3 Nc4 17. Rab1 Qb6 18. Rfd1 Rfd8 19. Qg5 h6 20. Qg3 a5 21. Nd4 a4 22. b3 Na3 23. Rb2 Qa5 24. Bd2 Qc5 25. Qd3 b5 26. Rc1 Re8 {0-1 Prada Villagrasa,P (2022)-Tan,R (1990) Titled Tue 20th Aug Early 2024 (4)}) 12... Re8 $146 ({RR} 12... a6 13. Ne5 Nxe5 14. Bxe5 e6 15. Re2 Nd7 16. Bxg7 Kxg7 17. Rae1 {½-½ Lein,A (2525)-Shamkovich,L (2485) USA-ch Mentor 1977 (1)}) 13. h3 Qb6 14. Rab1 Nh5 15. Bh2 Bh6 16. Ne5 Nxe5 17. Rxe5 e6 18. Nb3 Nf6 19. Nc5 Qc6 20. Ree1 b6 21. Nb3 a5 22. Nd2 b5 23. Nb3 a4 24. Nc5 Bf8 25. Qf3 Bxc5 26. Qxf6 Be7 27. Qe5 a3 28. Re3 b4 29. Bf4 axb2 30. cxb4 Qc2 31. Ree1 Bxb4 32. Red1 Bf8 33. Qe3 Bg7 34. Kh2 Rc3 35. Qe1 Rec8 36. Rd2 Qf5 37. Be3 Rc1 38. Rd1 Qxb1 0-1